000 00515nab a2200145Ia 4500
003 ES-SlBCS
005 20210601133733.0
008 140529s1997 xxu||||| |||| 00| 0 por d
041 _apor
100 1 _aGhiraldelli, Paulo Jr
_9208955
245 0 0 _aO que é un bom professor? O professor no discurso pedagógico do mundo moderno e contemporáneo
_c Paulo Jr Ghiraldelli
650 0 4 _aProfesor-Cualidades
_9208956
773 0 _tEducaçao e Filosofia
_gvol. 11, nº. 21-22, 1997, págs. 245-261
_wRev1534
942 _cAR
999 _c601313
_d601313